000 00721nam a2200205 i 4500
001 32869
003 ES-MaACL
005 20230906154642.0
007 t|
008 030131s1912 cr ||||1| spa d
245 0 0 _aAnales del Ateneo de Costa Rica
_b: 1912.
260 _aSan José de Costa Rica :
_b[s.n.,
_c1912] (
_fTip. Nacional)
300 _a42 p. ;
_c26 cm.
500 _aEs el nº 5 del año I.
505 8 _aContiene: "Lucha de razas" / Alejandro Bermúdez -- "El derecho y la fuerza" ; "La independencia" / Gerardo Zúñiga Montúfar
700 1 _aBermúdez, Alejandro.
_928125
700 1 _aZúñiga Montúfar, Gerardo.
_9118517
710 2 _aAteneo de Costa Rica.
_91864
852 _aES-MaACL
_jT-1416-F-6
999 _c32869
_d32869